000 00901nam a2200253Ia 4500
008 130821s1995 ck gr spa
020 _a9586350576
040 _aCo-BoUCM
_bspa
041 0 0 _aspa
100 _aTorres Rico, Anibal
_9156977
245 0 0 _aManual práctico de derecho de minas
_cAnibal Torres Rico.
260 _aBogotá (Cundinamarca, Colombia)
_bLibreria del Profesional
_c1995
300 _a377 páginas
504 _aIncluye índice.
610 _aFondo Nacional de Regalías
_94242
650 0 4 _aCarbón
_xLegislación
_zColombia
_910478
650 0 4 _aDerecho minero
_912796
650 0 4 _aDerecho minero
_zColombia
_935074
650 0 4 _aMinas
_xLegislación
_zColombia
_935075
650 0 4 _aMinas
_zColombia
_vEstadísticas
_919560
650 0 4 _aPetróleo
_xLegislación
_zColombia
_921479
942 _cLIBRO
_a8
_e1
_mT67
_2DEWEY
_h343.0775
999 _c23955
_d23955